Solutions manual to accompany an introduction to chemical engineering kinetics & reactor design /
Guardado en:
| Autor Principal: | |
|---|---|
| Formato: | Libro |
| Idioma: | English |
| Publicado: |
New York :
Wiley,
1976.
|
| Materias: | |
| Etiquetas: |
Agregar Etiqueta
Sin Etiquetas, Sea el primero en etiquetar este registro!
|
| LEADER | 00821nam a22001935a 4500 | ||
|---|---|---|---|
| 001 | EIQ.libpla003253 | ||
| 008 | 071114s1976####nyua##########000#0#eng#d | ||
| 005 | 20071114154011.0 | ||
| 245 | 1 | 0 | |a Solutions manual to accompany an introduction to chemical engineering kinetics & reactor design / |c Charles G. Hill. |
| 246 | 3 | 3 | |a An introduction to chemical engineering kinetics & reactor design |
| 246 | 3 | 3 | |a An introduction to chemical engineering kinetics and reactor design |
| 260 | |a New York : |b Wiley, |c 1976. | ||
| 300 | |a 435 p. : |b il., grafics. ; |c 30 cm. | ||
| 020 | |a 0471052582 | ||
| 100 | 1 | |a Hill, Charles G., |d 1937- | |
| 650 | 4 | |a Reactores químicos |x Problemas, ejercicios, etc. | |
| 650 | 4 | |a Chemical reactors |x Problems, exercises, etc. | |
| 040 | |a AR-BbSID |b spa |c AR-BbSID | ||
| 859 | |a AR-BbSID |b BIB. PLAPIQUI |h 541.39 |i H 55 |p 5127 | ||
